000 00306nam a22001337a 4500
008 170926b xxu||||| |||| 00| 0 eng d
020 _a0134366263
041 _aeng
080 _a37
100 _a46
101 _aEDU
245 _aTEACHING RESOURCES WITH COLOR TRANSPARENCIES
_cHALL,P
942 _2udc
_cBK
999 _c30035
_d30035